000 00504nam a22001457a 4500
008 241125b ||||| |||| 00| 0 spa d
040 _aAR-FvUNAJ
_dAR-FvUNAJ
082 1 4 _214
_a306.3
100 1 _917841
_aFrank, Andre Gunder
245 1 0 _aSociología del desarrollo y subdesarrollo de la sociología :
_bel desarrollo del subdesarrollo /
_cAndré Gunder Frank
260 _aBarcelona :
_bAnagrama,
_c1969
300 _a119 p.
942 _2ddc
_cLIBRO
980 _62
_aVirginia Figueroa
_82
_gVirginia Figueroa
999 _c10534
_d10534